Music Quiz

Random Music or Kpop Quiz

Female K-Pop Idols Born in March Quiz Stats

 Plays Quiz not verified by Sporcle

Score 0/20 Timer 10:00
0 Plays Today
% Correct
Bom
96.2%
Taeyeon (SNSD)
95.1%
Lisa (Black Pink)
93.7%
Irene (Red Velvet)
93.4%
Choa
90.2%
Mina (Twice)
80.8%
Yeri (Red Velvet)
76.9%
Sulli
72.7%
Chorong (Apink)
56.6%
Boram
42.7%
% Correct
Nara (Hello Venus)
42%
Kei (Lovelyz)
39.9%
Eugene (SES)
36.7%
Luda (WJSN)
35.3%
Alice (Hello Venus)
29.7%
Hyoeun (Stellar)
23.1%
Handong (Dream Catcher)
21.3%
Jeonyul
18.9%
Dami (Dream Catcher)
18.2%
Sumin (Sonamoo)
17.8%

You're not logged in!

Compare scores with friends on all Sporcle quizzes.
OR
Log In

Sporcle TV

Today on Sporcle TV


Watch our educational content, quiz creation guides, and fun videos on Sporcle TV.

Show Comments

Extras

Top Quizzes Today


Score Distribution

Your Account Isn't Verified!

In order to create a playlist on Sporcle, you need to verify the email address you used during registration. Go to your Sporcle Settings to finish the process.

Report this User

Report this user for behavior that violates our Community Guidelines.

Details: